[Event "7. Arber-Senioren-Cup 2019"]
[Site "Bodenmais"]
[Date "2019.08.03"]
[Round "8.20"]
[White "Meul, Willi"]
[Black "Wolff, Peter"]
[Result "1/2-1/2"]
[WhiteElo "1904"]
[BlackElo "1915"]
[Annotator "NA"]
[PlyCount "28"]
[EventDate "2019.07.27"]
[EventType "swiss"]
[EventCountry "GER"]
[SourceTitle "playchess.com"]
[Source "ChessBase"]
[SourceQuality "1"]
[TimeControl "5400+30"]

1. d4 {[%emt 0:00:00]} d5 {[%emt 0:00:00]} 2. Bf4 {[%emt 0:00:00]} Nf6 {[%emt 0:00:00]} 3. e3 {[%emt 0:00:00]} c5 {[%emt 0:00:00]} 4. Nd2 {[%emt 0:00:00]} Nc6 {[%emt 0:00:00]} 5. c3 {[%emt 0:00:00]} Bf5 {[%emt 0:00:00]} 6. Ngf3 {[%emt 0:00:00]} Qb6 {[%emt 0:00:00]} 7. Qb3 {[%emt 0:00:00]} c4 {[%emt 0:00:00]} 8. Qxb6 {[%emt 0:00:00]} axb6 {[%emt 0:00:00]} 9. Be2 {[%emt 0:00:00]} e6 {[%emt 0:00:00]} 10. O-O {[%emt 0:00:00]} b5 {[%emt 0:00:00]} 11. Nh4 {[%emt 0:00:00]} Bg6 {[%emt 0:00:00]} 12. a3 {[%emt 0:00:00]} Be7 {[%emt 0:00:00]} 13. Nxg6 {[%emt 0:00:00]} hxg6 {[%emt 0:00:00]} 14. f3 {[%emt 0:00:00]} O-O {[%emt 0:00:00]} 1/2-1/2

[Event "7. Arber-Senioren-Cup 2019"]
[Site "Bodenmais"]
[Date "2019.08.03"]
[Round "8.21"]
[White "Wittkugel, Friedhelm"]
[Black "Braeu, Ludwig"]
[Result "0-1"]
[WhiteElo "1920"]
[BlackElo "1818"]
[Annotator "NA"]
[PlyCount "86"]
[EventDate "2019.07.27"]
[EventType "swiss"]
[EventCountry "GER"]
[SourceTitle "playchess.com"]
[Source "ChessBase"]
[SourceQuality "1"]
[TimeControl "5400+30"]

1. d4 {[%emt 0:00:00]} c5 {[%emt 0:00:00]} 2. e3 {[%emt 0:00:00]} d5 {[%emt 0:00:00]} 3. c4 {[%emt 0:00:00]} e6 {[%emt 0:00:00]} 4. a3 {[%emt 0:00:00]} Nf6 {[%emt 0:00:00]} 5. Nc3 {[%emt 0:00:00]} Nc6 {[%emt 0:00:00]} 6. Nf3 {[%emt 0:00:00]} a6 {[%emt 0:00:00]} 7. dxc5 {[%emt 0:00:00]} Bxc5 {[%emt 0:00:00]} 8. b4 {[%emt 0:00:00]} Be7 {[%emt 0:00:00]} 9. cxd5 {[%emt 0:00:00]} exd5 {[%emt 0:00:00]} 10. Bb2 {[%emt 0:00:00]} O-O {[%emt 0:00:00]} 11. Be2 {[%emt 0:00:00]} Qd6 {[%emt 0:00:00]} 12. O-O {[%emt 0:00:00]} Rd8 {[%emt 0:00:00]} 13. Nd4 {[%emt 0:00:00]} Ne5 {[%emt 0:00:00]} 14. h3 {[%emt 0:00:00]} Be6 {[%emt 0:00:00]} 15. b5 {[%emt 0:00:00]} Nc4 {[%emt 0:03:29]} 16. Bxc4 {[%emt 0:00:00]} dxc4 {[%emt 0:00:07]} 17. bxa6 {[%emt 0:00:00]} Qxa6 {[%emt 0:12:05]} 18. Qe2 {[%emt 0:00:57]} Rac8 {[%emt 0:06:26]} 19. Rfd1 {[%emt 0:02:21]} Nd5 {[%emt 0:06:29]} 20. Rdc1 {[%emt 0:06:30]} Nxc3 {[%emt 0:03:43]} 21. Bxc3 {[%emt 0:01:27]} b5 {[%emt 0:02:25]} 22. Rcb1 {[%emt 0:02:37]} Rb8 {[%emt 0:01:08]} 23. Qf3 {[%emt 0:03:09]} Bd7 {[%emt 0:07:51]} 24. Qg3 {[%emt 0:13:24]} Bf8 {[%emt 0:01:59]} 25. e4 {[%emt 0:02:05]} Qg6 {[%emt 0:03:44]} 26. Qe3 {[%emt 0:03:53]} Re8 {[%emt 0:02:54]} 27. Re1 {[%emt 0:03:35]} Bc5 {[%emt 0:04:35]} 28. f4 {[%emt 0:08:01]} f5 {[%emt 0:05:38]} 29. e5 {[%emt 0:03:06]} Qb6 {[%emt 0:04:21]} 30. Qd2 {[%emt 0:03:17]} Red8 {[%emt 0:02:26]} 31. Red1 {[%emt 0:03:03]} Be8 {[%emt 0:03:45]} 32. Qb2 {[%emt 0:04:21]} Rd5 {[%emt 0:02:03]} 33. Kf2 {[%emt 0:03:48]} Rbd8 {[%emt 0:02:23]} 34. Ke3 {[%emt 0:00:02]} g5 {[%emt 0:02:04]} 35. g3 {[%emt 0:02:29]} Qh6 {[%emt 0:05:34]} 36. Qg2 {[%emt 0:00:07]} R8d7 {[%emt 0:02:17]} 37. Qf2 {[%emt 0:02:44]} Qxh3 {[%emt 0:06:07]} 38. Rh1 {[%emt 0:08:05]} Qg4 {[%emt 0:00:23]} 39. Rhd1 {[%emt 0:01:54]} Rxe5+ {[%emt 0:02:13]} 40. Kd2 {[%emt 0:03:52]} Re4 {[%emt 0:01:22]} 41. Kc1 {[%emt 0:02:55]} Bh5 {[%emt 0:03:23]} 42. Rd2 {[%emt 0:00:59]} gxf4 {[%emt 0:01:25]} 43. gxf4 {[%emt 0:00:29]} Rxf4 {[%emt 0:00:39]} 0-1

[Event "7. Arber-Senioren-Cup 2019"]
[Site "Bodenmais"]
[Date "2019.08.03"]
[Round "8.22"]
[White "Supplieth, Peter"]
[Black "Wacker, Manfred"]
[Result "1/2-1/2"]
[WhiteElo "1880"]
[BlackElo "1741"]
[Annotator "NA"]
[PlyCount "38"]
[EventDate "2019.07.27"]
[EventType "swiss"]
[EventCountry "GER"]
[SourceTitle "playchess.com"]
[Source "ChessBase"]
[SourceQuality "1"]
[TimeControl "5400+30"]

1. c4 {[%emt 0:00:00]} Nf6 {[%emt 0:00:00]} 2. g3 {[%emt 0:00:00]} g6 {[%emt 0:00:00]} 3. Nc3 {[%emt 0:00:00]} Bg7 {[%emt 0:00:00]} 4. Bg2 {[%emt 0:00:00]} c6 {[%emt 0:00:00]} 5. e4 {[%emt 0:00:00]} d6 {[%emt 0:00:00]} 6. Nge2 {[%emt 0:00:00]} e5 {[%emt 0:00:00]} 7. d3 {[%emt 0:00:00]} Nbd7 {[%emt 0:00:00]} 8. O-O {[%emt 0:00:00]} O-O {[%emt 0:00:00]} 9. f4 {[%emt 0:00:00]} Ng4 {[%emt 0:00:00]} 10. d4 {[%emt 0:00:00]} exd4 {[%emt 0:00:00]} 11. Nxd4 {[%emt 0:00:00]} Nc5 {[%emt 0:00:00]} 12. f5 {[%emt 0:00:00]} Ne5 {[%emt 0:00:00]} 13. Be3 {[%emt 0:03:00]} Nxc4 {[%emt 0:00:00]} 14. Qe2 {[%emt 0:01:11]} Nxe3 {[%emt 0:00:00]} 15. Qxe3 {[%emt 0:00:05]} Bf6 {[%emt 0:05:06]} 16. Rad1 {[%emt 0:02:24]} Qe7 {[%emt 0:03:04]} 17. Qf2 {[%emt 0:07:33]} Nd7 {[%emt 0:02:53]} 18. Rfe1 {[%emt 0:10:15]} Ne5 {[%emt 0:05:57]} 19. h3 {[%emt 0:00:21]} Rb8 {[%emt 0:05:01]} 1/2-1/2

[Event "7. Arber-Senioren-Cup 2019"]
[Site "Bodenmais"]
[Date "2019.08.03"]
[Round "8.23"]
[White "Gerl, Hans, Dr."]
[Black "Trinkl, Andreas"]
[Result "1-0"]
[WhiteElo "1955"]
[BlackElo "1620"]
[Annotator "NA"]
[PlyCount "61"]
[EventDate "2019.07.27"]
[EventType "swiss"]
[EventCountry "GER"]
[SourceTitle "playchess.com"]
[Source "ChessBase"]
[SourceQuality "1"]
[TimeControl "5400+30"]

1. d4 {[%emt 0:00:00]} e6 {[%emt 0:00:00]} 2. c4 {[%emt 0:00:00]} d5 {[%emt 0:00:00]} 3. e3 {[%emt 0:00:00]} Nf6 {[%emt 0:00:00]} 4. Nf3 {[%emt 0:00:00]} Be7 {[%emt 0:00:00]} 5. Nc3 {[%emt 0:00:00]} O-O {[%emt 0:00:00]} 6. b3 {[%emt 0:00:00]} b6 {[%emt 0:00:00]} 7. Bd3 {[%emt 0:00:00]} Bb7 {[%emt 0:00:00]} 8. O-O {[%emt 0:00:00]} Nbd7 {[%emt 0:00:00]} 9. Bb2 {[%emt 0:00:00]} c5 {[%emt 0:00:00]} 10. Rc1 {[%emt 0:00:00]} Rc8 {[%emt 0:00:00]} 11. Qe2 {[%emt 0:00:00]} cxd4 {[%emt 0:00:00]} 12. exd4 {[%emt 0:00:00]} Bd6 {[%emt 0:00:00]} 13. Nb5 {[%emt 0:00:00]} Bb8 {[%emt 0:00:00]} 14. Ba3 {[%emt 0:00:00]} dxc4 {[%emt 0:16:20]} 15. bxc4 {[%emt 0:00:00]} Re8 {[%emt 0:02:13]} 16. Nd6 {[%emt 0:00:00]} Bxd6 {[%emt 0:01:53]} 17. Bxd6 {[%emt 0:00:00]} Nf8 {[%emt 0:00:26]} 18. c5 {[%emt 0:00:00]} Ng6 {[%emt 0:08:41]} 19. Rfd1 {[%emt 0:00:00]} bxc5 {[%emt 0:10:21]} 20. dxc5 {[%emt 0:00:00]} Qa5 {[%emt 0:03:01]} 21. Nd4 {[%emt 0:00:00]} Bd5 {[%emt 0:04:34]} 22. Ba6 {[%emt 0:00:00]} Ra8 {[%emt 0:08:17]} 23. c6 {[%emt 0:00:00]} Ne4 {[%emt 0:01:27]} 24. Qb5 {[%emt 0:00:00]} Qxa2 {[%emt 0:12:05]} 25. Bg3 {[%emt 0:00:00]} Nf4 {[%emt 0:14:18]} 26. Ra1 {[%emt 0:05:31]} Rab8 {[%emt 0:03:46]} 27. Qxb8 {[%emt 0:01:48]} Rxb8 {[%emt 0:00:36]} 28. Rxa2 {[%emt 0:00:16]} Bxa2 {[%emt 0:06:02]} 29. Bxf4 {[%emt 0:00:31]} Re8 {[%emt 0:04:51]} 30. c7 {[%emt 0:00:43]} f6 {[%emt 0:01:39]} 31. Nc6 {[%emt 0:02:00]} 1-0

[Event "7. Arber-Senioren-Cup 2019"]
[Site "Bodenmais"]
[Date "2019.08.03"]
[Round "8.24"]
[White "Moser, Andreas"]
[Black "Ketzscher, Roland"]
[Result "1/2-1/2"]
[WhiteElo "1693"]
[BlackElo "1917"]
[Annotator "NA"]
[PlyCount "31"]
[EventDate "2019.07.27"]
[EventType "swiss"]
[EventCountry "GER"]
[SourceTitle "playchess.com"]
[Source "ChessBase"]
[SourceQuality "1"]
[TimeControl "5400+30"]

1. e4 {[%emt 0:00:00]} e6 {[%emt 0:00:00]} 2. d4 {[%emt 0:00:00]} d5 {[%emt 0:00:00]} 3. Nc3 {[%emt 0:00:00]} Bb4 {[%emt 0:00:00]} 4. e5 {[%emt 0:00:00]} c5 {[%emt 0:00:00]} 5. Bd2 {[%emt 0:00:00]} Ne7 {[%emt 0:00:00]} 6. Nb5 {[%emt 0:00:00]} Bxd2+ {[%emt 0:00:00]} 7. Qxd2 {[%emt 0:00:00]} O-O {[%emt 0:00:00]} 8. Nd6 {[%emt 0:00:00]} cxd4 {[%emt 0:00:00]} 9. O-O-O {[%emt 0:00:00]} Nbc6 {[%emt 0:00:00]} 10. f4 {[%emt 0:00:00]} Qb6 {[%emt 0:00:00]} 11. Nf3 {[%emt 0:00:00]} Bd7 {[%emt 0:00:00]} 12. Nxd4 {[%emt 0:00:00]} Nxd4 {[%emt 0:00:00]} 13. Qxd4 Qxd4 14. Rxd4 {[%emt 0:00:00]} Bc6 {[%emt 0:00:00]} 15. Be2 {[%emt 0:00:00]} Rad8 {[%emt 0:00:00]} 16. h4 {[%emt 0:00:00]} 1/2-1/2

[Event "7. Arber-Senioren-Cup 2019"]
[Site "Bodenmais"]
[Date "2019.08.03"]
[Round "8.25"]
[White "Schmid, Johann"]
[Black "Gaedt, Mario"]
[Result "1/2-1/2"]
[WhiteElo "1842"]
[BlackElo "1502"]
[Annotator "NA"]
[PlyCount "65"]
[EventDate "2019.07.27"]
[EventType "swiss"]
[EventCountry "GER"]
[SourceTitle "playchess.com"]
[Source "ChessBase"]
[SourceQuality "1"]
[TimeControl "5400+30"]

1. d4 {[%emt 0:00:00]} Nf6 {[%emt 0:00:00]} 2. Nf3 {[%emt 0:00:00]} g6 {[%emt 0:00:00]} 3. Bf4 {[%emt 0:00:00]} Bg7 {[%emt 0:00:00]} 4. e3 {[%emt 0:00:00]} O-O {[%emt 0:00:00]} 5. Be2 {[%emt 0:00:00]} Re8 {[%emt 0:00:00]} 6. h3 {[%emt 0:00:00]} d6 {[%emt 0:00:00]} 7. O-O {[%emt 0:00:00]} c5 {[%emt 0:00:00]} 8. c3 {[%emt 0:00:00]} b6 {[%emt 0:00:00]} 9. Nbd2 {[%emt 0:00:00]} Bb7 {[%emt 0:00:00]} 10. Bh2 {[%emt 0:00:00]} Nbd7 {[%emt 0:00:00]} 11. Qc2 {[%emt 0:00:00]} Rc8 {[%emt 0:00:00]} 12. Rad1 {[%emt 0:00:00]} Qc7 {[%emt 0:00:00]} 13. a3 {[%emt 0:00:00]} Qb8 {[%emt 0:00:00]} 14. Qb3 {[%emt 0:00:00]} Qa8 {[%emt 0:00:00]} 15. Ng5 {[%emt 0:00:00]} d5 {[%emt 0:00:00]} 16. Rfe1 {[%emt 0:01:30]} e6 {[%emt 0:00:00]} 17. Bf1 {[%emt 0:03:17]} cxd4 {[%emt 0:00:00]} 18. exd4 {[%emt 0:00:45]} Nf8 {[%emt 0:00:00]} 19. Ngf3 {[%emt 0:02:01]} N8d7 {[%emt 0:00:21]} 20. Ne5 {[%emt 0:00:37]} Re7 {[%emt 0:04:01]} 21. Ndf3 {[%emt 0:02:17]} Ne4 {[%emt 0:02:19]} 22. Qc2 {[%emt 0:04:17]} a6 {[%emt 0:02:55]} 23. Bd3 {[%emt 0:06:21]} Nef6 {[%emt 0:05:38]} 24. Qe2 {[%emt 0:03:09]} Nf8 {[%emt 0:02:48]} 25. Ng5 {[%emt 0:01:47]} b5 {[%emt 0:06:36]} 26. Qf3 {[%emt 0:02:55]} h6 {[%emt 0:01:56]} 27. Ngxf7 {[%emt 0:10:49]} Rxf7 {[%emt 0:00:34]} 28. Nxf7 {[%emt 0:01:33]} Kxf7 {[%emt 0:00:25]} 29. h4 {[%emt 0:00:44]} Re8 {[%emt 0:02:06]} 30. g4 {[%emt 0:00:10]} Kg8 {[%emt 0:01:11]} 31. g5 {[%emt 0:05:01]} hxg5 {[%emt 0:04:33]} 32. hxg5 {[%emt 0:00:15]} N6h7 {[%emt 0:00:32]} 33. Ra1 1/2-1/2

[Event "7. Arber-Senioren-Cup 2019"]
[Site "Bodenmais"]
[Date "2019.08.03"]
[Round "8.27"]
[White "Otto, Klaus"]
[Black "Klimpel, Siegfried"]
[Result "0-1"]
[WhiteElo "1725"]
[BlackElo "1843"]
[Annotator "NA"]
[PlyCount "58"]
[EventDate "2019.07.27"]
[EventType "swiss"]
[EventCountry "GER"]
[SourceTitle "playchess.com"]
[Source "ChessBase"]
[SourceQuality "1"]
[TimeControl "5400+30"]

1. e4 {[%emt 0:00:00]} c5 {[%emt 0:00:00]} 2. Nf3 {[%emt 0:00:00]} a6 {[%emt 0:00:00]} 3. d4 {[%emt 0:00:00]} cxd4 {[%emt 0:00:00]} 4. Nxd4 {[%emt 0:00:00]} e5 {[%emt 0:00:00]} 5. Nf3 {[%emt 0:00:00]} Nc6 {[%emt 0:00:00]} 6. Be2 {[%emt 0:00:00]} Nf6 {[%emt 0:00:00]} 7. Nbd2 {[%emt 0:00:00]} Be7 {[%emt 0:00:00]} 8. O-O {[%emt 0:00:00]} O-O {[%emt 0:00:00]} 9. c3 {[%emt 0:00:00]} Qc7 {[%emt 0:00:00]} 10. Qc2 {[%emt 0:00:00]} d5 {[%emt 0:00:00]} 11. exd5 {[%emt 0:00:00]} Nxd5 {[%emt 0:00:00]} 12. Bc4 {[%emt 0:00:00]} Be6 {[%emt 0:00:00]} 13. Re1 {[%emt 0:00:00]} Rad8 {[%emt 0:00:00]} 14. Bd3 {[%emt 0:00:00]} f5 {[%emt 0:00:00]} 15. Bc4 {[%emt 0:00:00]} b5 {[%emt 0:02:08]} 16. Bb3 {[%emt 0:00:00]} Nf4 {[%emt 0:03:29]} 17. Bxe6+ {[%emt 0:00:00]} Nxe6 {[%emt 0:00:30]} 18. h3 {[%emt 0:00:00]} Kh8 {[%emt 0:03:02]} 19. Nf1 {[%emt 0:00:00]} e4 {[%emt 0:01:18]} 20. N3h2 {[%emt 0:00:00]} Nc5 {[%emt 0:02:23]} 21. Rd1 {[%emt 0:08:10]} Nd3 {[%emt 0:03:40]} 22. Qe2 {[%emt 0:05:13]} Nce5 {[%emt 0:20:51]} 23. Rb1 {[%emt 0:17:28]} Nxc1 {[%emt 0:06:26]} 24. Rbxc1 {[%emt 0:01:11]} Nd3 {[%emt 0:00:50]} 25. Rc2 {[%emt 0:01:05]} Bd6 {[%emt 0:10:12]} 26. g3 {[%emt 0:15:17]} Rde8 {[%emt 0:05:22]} 27. Kg2 {[%emt 0:05:34]} f4 {[%emt 0:04:22]} 28. Qg4 {[%emt 0:05:21]} Qb6 {[%emt 0:07:55]} 29. Kg1 {[%emt 0:07:11]} fxg3 {[%emt 0:03:41]} 0-1

[Event "7. Arber-Senioren-Cup 2019"]
[Site "Bodenmais"]
[Date "2019.08.04"]
[Round "9.1"]
[White "Lorenc, Tomas"]
[Black "Koehler, Gerhard"]
[Result "0-1"]
[WhiteElo "2158"]
[BlackElo "2197"]
[Annotator "NA"]
[PlyCount "56"]
[EventDate "2019.07.27"]
[EventType "swiss"]
[EventCountry "GER"]
[SourceTitle "playchess.com"]
[Source "ChessBase"]
[SourceQuality "1"]
[TimeControl "60/7800+30:0"]

1. c4 {[%emt 0:06:24]} Nf6 {[%emt 0:00:00]} 2. g3 {[%emt 0:00:12]} g6 {[%emt 0:00:00]} 3. Bg2 {[%emt 0:01:36]} Bg7 {[%emt 0:00:00]} 4. Nc3 {[%emt 0:01:54]} O-O {[%emt 0:00:06]} 5. e4 {[%emt 0:00:37]} d6 {[%emt 0:00:25]} 6. Nge2 {[%emt 0:00:09]} c5 {[%emt 0:02:18]} 7. O-O {[%emt 0:02:44]} Nc6 {[%emt 0:00:59]} 8. d3 {[%emt 0:01:37]} Ne8 {[%emt 0:03:41]} 9. Be3 {[%emt 0:06:20]} Nc7 {[%emt 0:02:43]} 10. Qd2 {[%emt 0:02:08]} Ne6 {[%emt 0:00:41]} 11. Bh6 {[%emt 0:03:39]} Rb8 {[%emt 0:02:09]} 12. Bxg7 {[%emt 0:00:55]} Kxg7 {[%emt 0:00:11]} 13. f4 {[%emt 0:07:00]} Ned4 {[%emt 0:00:48]} 14. f5 {[%emt 0:06:08]} a6 {[%emt 0:06:32]} 15. g4 {[%emt 0:17:44]} Bd7 {[%emt 0:18:16]} 16. h4 {[%emt 0:09:45]} f6 {[%emt 0:08:34]} 17. Ng3 {[%emt 0:07:00]} e6 {[%emt 0:03:48]} 18. Rf2 {[%emt 0:04:33]} Ne5 {[%emt 0:03:00]} 19. fxg6 {[%emt 0:05:09]} hxg6 {[%emt 0:03:14]} 20. Rf4 {[%emt 0:01:07]} Rh8 {[%emt 0:05:55]} 21. Raf1 {[%emt 0:08:20]} Rxh4 {[%emt 0:05:03]} 22. Qf2 {[%emt 0:01:15]} Nxd3 {[%emt 0:03:37]} 23. Qe3 {[%emt 0:03:07]} Nxf4 {[%emt 0:02:13]} 24. Qxf4 {[%emt 0:00:07]} Qe7 {[%emt 0:00:28]} 25. e5 {[%emt 0:00:56]} dxe5 {[%emt 0:01:44]} 26. Qe3 {[%emt 0:00:43]} Rxg4 {[%emt 0:01:10]} 27. Nce4 {[%emt 0:00:19]} Rf8 {[%emt 0:02:15]} 28. Nf2 {[%emt 0:03:06]} Rxg3 {[%emt 0:00:29]} 0-1

[Event "7. Arber-Senioren-Cup 2019"]
[Site "Bodenmais"]
[Date "2019.08.04"]
[Round "9.3"]
[White "Pirrot, Dieter"]
[Black "Meckel, Helmut"]
[Result "1-0"]
[WhiteElo "2315"]
[BlackElo "1804"]
[Annotator "NA"]
[PlyCount "69"]
[EventDate "2019.07.27"]
[EventType "swiss"]
[EventCountry "GER"]
[SourceTitle "playchess.com"]
[Source "ChessBase"]
[SourceQuality "1"]
[TimeControl "60/7800+30:0"]

1. e4 {[%emt 0:00:00]} e6 {[%emt 0:05:36]} 2. d4 {[%emt 0:00:00]} d5 {[%emt 0:00:26]} 3. e5 {[%emt 0:00:40]} c5 {[%emt 0:00:17]} 4. c3 {[%emt 0:00:08]} Nc6 {[%emt 0:00:19]} 5. Nf3 {[%emt 0:00:08]} Bd7 {[%emt 0:07:51]} 6. Bd3 {[%emt 0:01:30]} cxd4 {[%emt 0:00:34]} 7. cxd4 {[%emt 0:00:08]} Qb6 {[%emt 0:05:27]} 8. O-O {[%emt 0:00:20]} Nxd4 {[%emt 0:01:07]} 9. Nbd2 {[%emt 0:00:24]} Bc5 {[%emt 0:09:38]} 10. b4 {[%emt 0:01:53]} Nxf3+ {[%emt 0:02:27]} 11. Qxf3 {[%emt 0:00:23]} Bd4 {[%emt 0:01:52]} 12. Qg3 {[%emt 0:00:10]} Bxa1 {[%emt 0:01:13]} 13. Qxg7 {[%emt 0:00:10]} Bxe5 {[%emt 0:00:17]} 14. Qxe5 {[%emt 0:00:07]} f6 {[%emt 0:00:14]} 15. Qh5+ {[%emt 0:00:05]} Kf8 {[%emt 0:03:56]} 16. Nb3 {[%emt 0:04:59]} Be8 {[%emt 0:01:57]} 17. Qh4 {[%emt 0:08:25]} e5 {[%emt 0:02:14]} 18. Nc5 {[%emt 0:09:45]} Rc8 {[%emt 0:14:53]} 19. Be3 {[%emt 0:06:07]} d4 {[%emt 0:01:58]} 20. Bd2 {[%emt 0:01:38]} Rxc5 {[%emt 0:10:27]} 21. bxc5 {[%emt 0:00:23]} Qxc5 {[%emt 0:02:47]} 22. Rc1 {[%emt 0:06:32]} Qe7 {[%emt 0:01:41]} 23. Rc8 {[%emt 0:03:52]} Kg7 {[%emt 0:01:26]} 24. Qg3+ {[%emt 0:07:42]} Bg6 {[%emt 0:01:17]} 25. Bf5 {[%emt 0:14:41]} Nh6 {[%emt 0:18:30]} 26. Bxh6+ {[%emt 0:00:24]} Kxh6 {[%emt 0:00:08]} 27. Rxh8 {[%emt 0:00:43]} Bxf5 {[%emt 0:00:07]} 28. Rg8 {[%emt 0:00:45]} Qf7 {[%emt 0:00:37]} 29. Qh4+ {[%emt 0:00:16]} Qh5 {[%emt 0:00:30]} 30. Qxf6+ {[%emt 0:00:11]} Bg6 {[%emt 0:00:16]} 31. Qg7+ {[%emt 0:02:09]} Kg5 {[%emt 0:00:05]} 32. Qxe5+ {[%emt 0:00:15]} Kh6 {[%emt 0:00:14]} 33. Qg7+ {[%emt 0:00:41]} Kg5 {[%emt 0:00:08]} 34. Qxd4 {[%emt 0:03:44]} Qe2 {[%emt 0:00:40]} 35. Qe3+ {[%emt 0:02:54]} 1-0

[Event "7. Arber-Senioren-Cup 2019"]
[Site "Bodenmais"]
[Date "2019.08.04"]
[Round "9.4"]
[White "Godoj, Veit"]
[Black "Pribyl, Josef"]
[Result "1/2-1/2"]
[WhiteElo "1995"]
[BlackElo "2234"]
[Annotator "ChessBase"]
[PlyCount "99"]
[EventDate "2019.07.27"]
[EventType "swiss"]
[EventCountry "GER"]
[SourceTitle "playchess.com"]
[Source "ChessBase"]
[SourceQuality "1"]
[TimeControl "60/7800+30:0"]

1. d4 {[%emt 0:00:00]} Nf6 {[%emt 0:00:00]} 2. Bg5 {[%emt 0:00:00]} b6 {[%emt 0:00:00]} 3. Nd2 {[%emt 0:00:00]} c5 {[%emt 0:00:11]} 4. e3 {[%emt 0:02:23]} Bb7 {[%emt 0:00:07]} 5. c3 {[%emt 0:01:15]} e6 {[%emt 0:00:28]} 6. Ngf3 {[%emt 0:00:55]} Be7 {[%emt 0:00:02]} 7. Bd3 {[%emt 0:06:17]} d6 {[%emt 0:00:01]} 8. Qe2 {[%emt 0:05:14]} h6 {[%emt 0:01:14]} 9. Bxf6 {[%emt 0:01:36]} Bxf6 {[%emt 0:00:03]} 10. O-O {[%emt 0:05:23]} Nd7 {[%emt 0:01:54]} 11. Be4 {[%emt 0:00:26]} d5 {[%emt 0:01:11]} 12. Bd3 {[%emt 0:00:01]} a6 {[%emt 0:00:26]} 13. Rad1 {[%emt 0:04:08]} O-O {[%emt 0:00:25]} 14. Bb1 {[%emt 0:04:07]} Qe7 {[%emt 0:12:30]} 15. Qd3 {[%emt 0:08:17]} g6 {[%emt 0:00:05]} 16. e4 {[%emt 0:00:17]} cxd4 {[%emt 0:00:45]} 17. cxd4 {[%emt 0:01:14]} dxe4 {[%emt 0:08:14]} 18. Nxe4 {[%emt 0:00:17]} Bg7 {[%emt 0:00:40]} 19. Rfe1 {[%emt 0:06:51]} Rfd8 {[%emt 0:00:05]} 20. Qe3 {[%emt 0:07:34]} Rac8 {[%emt 0:05:14]} 21. Qf4 {[%emt 0:11:58]} Nf6 {[%emt 0:00:46]} 22. h4 {[%emt 0:03:13]} Nxe4 {[%emt 0:04:56]} 23. Bxe4 {[%emt 0:00:12]} Bxe4 {[%emt 0:00:26]} 24. Qxe4 {[%emt 0:03:19]} Qd6 {[%emt 0:05:04]} 25. a3 {[%emt 0:08:28]} Qd5 {[%emt 0:00:50]} 26. Qf4 {[%emt 0:01:20]} Qb3 {[%emt 0:07:08]} 27. Rd2 {[%emt 0:05:21]} Rc2 {[%emt 0:15:29]} 28. Rxc2 {[%emt 0:13:04]} Qxc2 {[%emt 0:00:01]} 29. b4 {[%emt 0:01:37]} b5 {[%emt 0:12:02]} 30. Rc1 {[%emt 0:10:41]} Qb3 {[%emt 0:02:47]} 31. Qc7 {[%emt 0:00:48]} Qd5 {[%emt 0:01:48]} 32. Ne5 {[%emt 0:01:46]} Rf8 {[%emt 0:04:21]} 33. Nd7 {[%emt 0:04:01]} Re8 {[%emt 0:00:13]} 34. Ne5 {[%emt 0:00:15]} Bxe5 {[%emt 0:02:53]} 35. dxe5 {[%emt 0:00:02]} Kg7 {[%emt 0:00:51]} 36. Rc6 {[%emt 0:04:01]} Qd1+ {[%emt 0:02:38]} 37. Kh2 {[%emt 0:00:10]} Qd4 {[%emt 0:00:29]} 38. Kg1 {[%emt 0:00:25]} Ra8 {[%emt 0:09:59]} 39. Rb6 {[%emt 0:03:43]} Qa1+ {[%emt 0:06:23]} 40. Kh2 {[%emt 0:00:01]} Qxa3 {[%emt 0:00:01]} 41. Qe7 {[%emt 0:05:06]} Qa2 {[%emt 0:02:26]} 42. Qf6+ {[%emt 0:00:39]} Kg8 {[%emt 0:00:02]} 43. h5 {[%emt 0:00:12]} gxh5 {[%emt 0:09:53]} 44. Qxh6 {[%emt 0:01:20]} Qxf2 {[%emt 0:02:18]} 45. Qg5+ {[%emt 0:00:47]} Kf8 {[%emt 0:02:57]} 46. Qh6+ {[%emt 0:00:07]} Ke8 {[%emt 0:00:59]} 47. Qh8+ {[%emt 0:00:43]} Kd7 {[%emt 0:00:05]} 48. Rb7+ {[%emt 0:00:05]} Kc6 {[%emt 0:00:18]} 49. Qxa8 {[%emt 0:00:14]} Qh4+ {[%emt 0:00:38]} 50. Kg1 {[%emt 0:00:44]} 1/2-1/2